Statistics for General Knowledge Quiz #113

Click here to take the quiz!

General Stats

  • This quiz has been taken 55,939 times
    (30,708 since last reset)
  • The average score is 11 of 20

Answer Stats

QuestionAnswer% Correct
What did Pablo Escobar get rich from selling?Cocaine
94%
What iconic Paris cathedral was completed in 1345?Notre Dame de Paris
91%
What atmospheric layer is damaged by chlorofluorocarbons?Ozone Layer
79%
What is the only city in England whose name starts with Y?York
75%
Where did Sally Ride go in 1983, becoming the first American woman to do so?Space
67%
What monkey is friends with the Man in the Yellow Hat?Curious George
65%
In what play would you hear the quote "something is rotten in the state of Denmark"?Hamlet
63%
In what country would you find the region of Manchuria?China
62%
Which U.S. state is, in a very technical sense, the farthest east?Alaska
58%
What is the common English word for a "synchronous diaphragmatic flutter"?Hiccup
50%
What is notorious criminal Ted Kaczynski better known as?The Unabomber
48%
In what country would you find the region of Bohemia?Czech Republic
45%
What boy with a girl's name was sung about by Johnny Cash?Sue
43%
What island did Dutch colonists buy from Native Americans for 60 guilders
worth of trade goods? (Today the island has a land value of nearly $2 trillion)
Manhattan
41%
Which country's currency was worth less than 1 trillionth of a U.S. cent
when it was abandoned in 2009?
Zimbabwe
39%
What is a common word that means "hogwash", "poppycock", or "horsefeathers"?Nonsense
37%
What three letters can be found on a large percentage of the world's zippers?YKK
26%
What movie featured amplifiers that could be turned up to 11?This Is Spın̈al Tap
24%
What 1996 novel by Helen Fielding is a modern-day retelling of "Pride and Prejudice"?Bridget Jones's Diary
23%
What is the term for a word, such as frenemy, that is created by merging two other words?Portmanteau
23%

Score Distribution

Percentile by Number Answered

Percent of People with Each Score

Your Score History

You have not taken this quiz since the last reset